Planification industrielle : étude fondée sur les travaux du Colloque international sur le développement industriel (Athènes, novembre-décembre 1967) /

Guardado en:
Autores Corporativos: Colloque international sur le développement industriel Athens), Organisation Des Nations Unies Pour Le Developpement Industriel.
Formato: Libro
Idioma:French
Publicado: New York : Nations Unies, 1969.
Series:Monographies de l'ONUDI sur le developpement industriel. L'industrialisation des pays en voie de développement, problèmes et perspectives : monographie ; no 17
Materias:
Etiquetas: Agregar Etiqueta
Sin Etiquetas, Sea el primero en etiquetar este registro!
LEADER 01157nam a22002175a 4500
001 EIQ.libpla001566
008 840312|1969####nyu###########100#0#fre#d
005 20061108154918.0
245 1 0 |a Planification industrielle :  |b étude fondée sur les travaux du Colloque international sur le développement industriel (Athènes, novembre-décembre 1967) /  |c Organisation Des Nations Unies Pour Le Developpement Industriel. 
260 |a New York :  |b Nations Unies,  |c 1969. 
300 |a ix, 107 p. ;  |c 24 cm. 
440 |a Monographies de l'ONUDI sur le developpement industriel. L'industrialisation des pays en voie de développement, problèmes et perspectives : monographie ; no 17 
500 |a "ID/40/17". 
500 |a "Publication Des Nations Unies. Nº de vente: F. 69. II. B. 39, vol. 17". 
111 2 |a Colloque international sur le développement industriel  |d (1967 :  |c Athens) 
710 2 |a Organisation Des Nations Unies Pour Le Developpement Industriel. 
650 4 |a Desarrollo industrial  |x Congresos. 
650 4 |a Industrial development  |x Congresses. 
010 |a  84132426  
040 |a DLC  |c DLC  |d AR-BbSID 
859 |a AR-BbSID  |b BIB. PLAPIQUI  |h 658.5  |i N 113  |p 1454